| 000 | 00868nam a2200265 a 4500 | ||
|---|---|---|---|
| 001 | 66570 | ||
| 003 | BD-RjUL | ||
| 005 | 20211209081545.0 | ||
| 008 | 170318s1964 nyua 001 0 eng c | ||
| 035 | _a(BD-RjUL)66700 | ||
| 040 |
_aDLC/ICU _cCGU _dDLC _dUKM _dEQO _dBD-RjUL _beng |
||
| 041 | _aeng | ||
| 082 | 0 | 0 |
_223 _a615.7 _bMOL 1964 |
| 245 | 0 | 0 |
_aMolecular pharmacology : _bthe mode of action of biologically active compounds / _cedited by E.J. Ariëns. |
| 260 |
_aNew York : _bAcademic Press, _cc1964. |
||
| 300 |
_av. ; _bill. ; _c24 cm. |
||
| 490 | 1 |
_aMedicinal chemistry; a series of monographs, _vv. 3 |
|
| 500 | _aIncludes index. | ||
| 505 | 0 | _av. 1. -- | |
| 650 | 0 |
_aMolecular pharmacology. _9197049 |
|
| 650 | 0 |
_aPharmaceutical chemistry. _9197050 |
|
| 700 |
_aAriëns, E.J. _9202270 |
||
| 830 | 0 |
_aMedicinal chemistry ; _vv. 3. _9202248 |
|
| 942 |
_2ddc _cBK |
||
| 999 |
_c66570 _d66570 |
||